Fundamentals of complex analysis (Record no. 147)

MARC details
000 -LEADER
fixed length control field 00512 a2200193 4500
001 - CONTROL NUMBER
control field 065868
003 - CONTROL NUMBER IDENTIFIER
control field OSt
005 - DATE AND TIME OF LATEST TRANSACTION
control field 20210903170235.0
008 - FIXED-LENGTH DATA ELEMENTS--GENERAL INFORMATION
fixed length control field
082 ## - DEWEY DECIMAL CLASSIFICATION NUMBER
Classification number 515.9
Item number S17F
100 1# - MAIN ENTRY--PERSONAL NAME
Personal name Saff, E.B.
245 1# - TITLE STATEMENT
Title Fundamentals of complex analysis
Statement of responsibility, etc by E.B. Saff and A.D. Srider
250 ## - EDITION STATEMENT
Edition statement 3rd ed.
260 ## - PUBLICATION, DISTRIBUTION, ETC. (IMPRINT)
Place of publication, distribution, etc New Delhi
Name of publisher, distributor, etc Pearson
Date of publication, distribution, etc 2009
300 ## - PHYSICAL DESCRIPTION
Extent 523p.
690 ## - LOCAL SUBJECT ADDED ENTRY--TOPICAL TERM (OCLC, RLIN)
Topical term or geographic name as entry element Mathematical analysis; Functions of complex variables
700 ## - ADDED ENTRY--PERSONAL NAME
Personal name Srider, A.D.
942 ## - ADDED ENTRY ELEMENTS (KOHA)
Source of classification or shelving scheme Dewey Decimal Classification
Koha item type Books
Holdings
Withdrawn status Lost status Damaged status Not for loan Collection code Home library Current library Date acquired Source of acquisition Cost, normal purchase price Total Checkouts Full call number Barcode Date last seen Date checked out Price effective from Koha item type
        General Text Book Central University Of Rajasthan Central University Of Rajasthan 07/03/2012 MTH 410.00 5 515.9 S17F 154 16/03/2026 27/02/2026 02/09/2020 Books
        General Text Book Central University Of Rajasthan Central University Of Rajasthan 07/03/2012 MTH 410.00 7 515.9 S17F 155 01/04/2026 12/03/2026 02/09/2020 Books